Loading...

ELEGY AND Iambus. . . with Anacreontea(in greek)with english tr by J M Edmonds. 2v /

Bibliographic Details
Language:Undetermined
Published: 1931.
Series:Loeb classical library ed by T E Page
LEADER 00633nam a2200133Ia 4500
001 46702
008 170722s9999 xx 000 0 und d
245 |a ELEGY AND Iambus. . . with Anacreontea(in greek)with english tr by J M Edmonds. 2v / 
260 |c 1931. 
490 |a Loeb classical library ed by T E Page 
942 |c GEN 
999 |c 48146  |d 48146 
952 |0 1  |1 0  |4 0  |6 O_131D4X_G1_1G1_2_000000000000000_GR  |7 0  |9 67904  |a LIB  |b LIB  |d 2017-08-12  |o O13,1D4x G1.1-G1.2 (GR)  |p 58769  |r 2017-08-12  |w 2017-08-12  |y GEN 
952 |0 1  |1 0  |4 0  |6 O_131D4X_G1_1G1_2_000000000000000_GR  |7 0  |9 67905  |a LIB  |b LIB  |d 2017-08-12  |o O13,1D4x G1.1-G1.2 (GR)  |p 58770  |r 2017-08-12  |w 2017-08-12  |y GEN